Moving on up (Record no. 84485)

MARC details
000 -LEADER
fixed length control field 00764cab a22001935a 4500
001 - CONTROL NUMBER
control field L157923
008 - FIXED-LENGTH DATA ELEMENTS--GENERAL INFORMATION
fixed length control field 130722e20130629xxk 000 0 eng d
035 ## - SYSTEM CONTROL NUMBER
System control number (Sirsi) u157923
041 0# - LANGUAGE CODE
Language code of text/sound track or separate title eng
100 1# - MAIN ENTRY--PERSONAL NAME
Personal name Jones, Sandra
245 00 - TITLE STATEMENT
Title Moving on up
Remainder of title Estates Gazette Property Sentiment Survey
260 ## - PUBLICATION, DISTRIBUTION, ETC.
Date of publication, distribution, etc. 2013
490 ## - SERIES STATEMENT
Series statement Estates Gazette
Volume/sequential designation (1326) 29 June 2013, 66-70(5)
520 ## - SUMMARY, ETC.
Summary, etc. Reports on results for the EG and Grosvenor's latest market sentiment survey. Finds that the EG Sentiment Indicator which measures property industry confidence has increased with an improvement in almost all sectors with only retail/leisure retaining a mood of pessimism.
590 ## - LOCAL NOTE (RLIN)
Local note KA
651 #4 - SUBJECT ADDED ENTRY--GEOGRAPHIC NAME
Geographic name United Kingdom
690 ## - LOCAL SUBJECT ADDED ENTRY--TOPICAL TERM (OCLC, RLIN)
Topical term or geographic name as entry element Commercial property
9 (RLIN) 6227
942 ## - ADDED ENTRY ELEMENTS (KOHA)
Suppress in OPAC 0
Holdings
Withdrawn status Lost status Source of classification or shelving scheme Damaged status Not for loan Home library Current library Shelving location Date acquired Total Checkouts Full call number Barcode Date last seen Copy number Price effective from Koha item type
    Dewey Decimal Classification     London London Journal article 22/07/2013   L157923 157923-1001 06/08/2019 1 06/08/2019 Journal article